Arcane 17. Ente d'ajours /

Bibliographic Details
Main Author: Breton, André, 1896-1966
Other Authors: Beaujour, Michel
Format: Book
Language:French
Published: [Paris] : [Union generale, d'editions], [1965]
Series:[Le monde en] 10/18, 250

MARC

Tag First Indicator Second Indicator Subfields
LEADER 00000cam a2200000 4500
001 in00000173413
005 20151008093928.0
008 740213s1965 fr b 00010 fre d
035 |a (OCoLC)00799362 
035 |9 AAU5962AM 
040 |a CIN  |c CIN  |d TXA  |d UtOrBLW 
049 |a TXAM  |c [1161847] 
090 |a PQ2603.R35  |b A87 1965 
100 1 |a Breton, André,  |d 1896-1966. 
245 1 0 |a Arcane 17. Ente d'ajours /  |c par Andre Breton, suivi de Andre Breton ou la transparence, par Michel Beaujour. 
264 1 |a [Paris] :  |b [Union generale, d'editions],  |c [1965] 
300 |a 183 pages ;  |c 18 cm. 
336 |a text  |b txt  |2 rdacontent 
337 |a unmediated  |b n  |2 rdamedia 
338 |a volume  |b nc  |2 rdacarrier 
490 0 |a [Le monde en] 10/18, 250 
504 |a Bibliographical references included in footnotes. 
700 1 |a Beaujour, Michel. 
999 |a MARS 
999 f f |s 9f71e542-d6de-3479-bfd0-d25e4efe2714  |i 3e344469-3c66-389f-83a5-ecb8a90ac1cb  |t 0 
952 f f |p normal  |a Texas A&M University  |b College Station  |c Sterling C. Evans Library  |d Evans: Library Stacks  |t 0  |e PQ2603.R35 A87 1965  |h Library of Congress classification  |i unmediated -- volume  |m A14803776932 
998 f f |a PQ2603.R35 A87 1965  |t 0  |l Evans: Library Stacks